<?xml version="1.0" encoding="UTF-8"?>
<record
    xmlns:xsi="http://www.w3.org/2001/XMLSchema-instance"
    xsi:schemaLocation="http://www.loc.gov/MARC21/slim http://www.loc.gov/standards/marcxml/schema/MARC21slim.xsd"
    xmlns="http://www.loc.gov/MARC21/slim">

  <leader>00585cam a22001817  4500</leader>
  <controlfield tag="001">tmp84012322 </controlfield>
  <controlfield tag="003">DLC</controlfield>
  <controlfield tag="005">20260227112753.0</controlfield>
  <controlfield tag="008">921102s1904    gw            000 0 ger  </controlfield>
  <datafield tag="010" ind1=" " ind2=" ">
    <subfield code="a">tmp84012322 </subfield>
    <subfield code="z">unk84012322 </subfield>
  </datafield>
  <datafield tag="040" ind1=" " ind2=" ">
    <subfield code="a">DLC</subfield>
    <subfield code="c">CarP</subfield>
    <subfield code="d">DLC</subfield>
  </datafield>
  <datafield tag="050" ind1="0" ind2="0">
    <subfield code="a">QD399</subfield>
    <subfield code="b">.L7</subfield>
  </datafield>
  <datafield tag="100" ind1="1" ind2=" ">
    <subfield code="a">Liebig, Heinrich,</subfield>
    <subfield code="c">Freiherr von,</subfield>
    <subfield code="d">1877- [from old catalog]</subfield>
  </datafield>
  <datafield tag="245" ind1="1" ind2="0">
    <subfield code="a">&#xDC;berf&#xFC;hrung des Dibenzalacetons in Derivate des Diphenylcyklopentans.</subfield>
  </datafield>
  <datafield tag="260" ind1=" " ind2=" ">
    <subfield code="a">Halle a.d.S.,</subfield>
    <subfield code="b">Druck von Ehrhardt Karras,</subfield>
    <subfield code="c">1904.</subfield>
  </datafield>
  <datafield tag="300" ind1=" " ind2=" ">
    <subfield code="a">54 p.</subfield>
    <subfield code="c">24 cm.</subfield>
  </datafield>
  <datafield tag="502" ind1=" " ind2=" ">
    <subfield code="a">Inaug.-Diss.--Halle-Wittenberg.</subfield>
  </datafield>
  <datafield tag="999" ind1=" " ind2=" ">
    <subfield code="c">91009</subfield>
    <subfield code="d">91009</subfield>
  </datafield>
</record>
